LIBRARY & INFORMATION CENTRE, KCAET, TAVANUR

ONLINE PUBLIC ACCESS CATALOGUE (OPAC)

Great expectations / (Record no. 11792)

MARC details
000 -LEADER
fixed length control field 00350cam a2200145ua 4500
041 ## - LANGUAGE CODE
Language code of text/sound track or separate title eng
082 ## - DEWEY DECIMAL CLASSIFICATION NUMBER
Classification number 823.308
Item number DIC/GR
100 ## - MAIN ENTRY--AUTHOR NAME
Personal name Dicknes, .
245 ## - TITLE STATEMENT
Title Great expectations /
260 ## - PUBLICATION, DISTRIBUTION, ETC. (IMPRINT)
Place of publication London :
Name of publisher Ginn and company Ltd ,
Year of publication 1966.
300 ## - PHYSICAL DESCRIPTION
Number of Pages 180 ; .
942 ## - ADDED ENTRY ELEMENTS (KOHA)
Koha item type Books
Holdings
Withdrawn status Lost status Damaged status Home library Current library Date acquired Full call number Accession Number Koha item type
Withdrawn     KAUAET KAUAET 16/11/2023 823.308 DIC/GR 11121 Books
Withdrawn     KAUAET Sanskrit University 07/04/2012 823.308 11040 Books
free website counter